Sazebník daně z obratu platný od 1. ledna 1990

Na minha lista:
Detalhes bibliográficos
Formato: Livro
Idioma:tcheco
Publicado em: Praha Fed. min. fin. 1989
Edição:1. vyd.
Tags: Adicionar Tag
Sem tags, seja o primeiro a adicionar uma tag!

MARC

LEADER 00000nam a2200000 4500
001 c031362
005 20221215120629.6
041 0 |a cze 
044 |a CZ 
245 1 0 |a Sazebník daně z obratu platný od 1. ledna 1990 
250 |a 1. vyd. 
264 1 |a Praha  |b Fed. min. fin.  |c 1989 
300 |a Prer. s.